000 00426nam a2200157 i 4500
001 61716
003 ES-MaACL
005 20230906164528.0
007 t|
008 031113s1972 sp ||||1| spa d
100 1 _aFarias, Juan.
_948853
245 1 0 _aA gritos, Gilbert, furiosamente /
_cJuan Farias.
260 _aBarcelona :
_bLuis de Caralt,
_c[1972]
300 _a256 p. ;
_c21 cm.
852 _aES-MaACL
_jC-43526
_bR.82410
999 _c61716
_d61716